书目信息 |
| 题名: |
大学俄语= Русский язык /
|
|
| 作者: | 刘素梅 主编 | |
| 分册: | 1 学生用书 | |
| 出版信息: | 北京 外语教学与研究出版社 2010.07 |
|
| 页数: | 250页 | |
| 开本: | 20cm | |
| 丛书名: | ||
| 单 册: | ||
| 中图分类: | H35-43 | |
| 科图分类: | ||
| 主题词: | 俄语 | |
| 电子资源: | ||
| ISBN: | 978-7-5600-8024-6 | |
| 000 | 00666nam0 2200217 45 | |
| 001 | 2038490186 | |
| 005 | 20201103104312.75 | |
| 010 | @a978-7-5600-8024-6@dRMB 39.90 | |
| 100 | @a20201103d2010 km y0chiy0120 ea | |
| 101 | 0 | @achi |
| 102 | @aCN@b110000 | |
| 200 | 1 | @a大学俄语= Русский язык /@Ada xue e yu=Русскийязык/@h1@i学生用书@f刘素梅主编@Fliu su mei zhu bian |
| 205 | @a2版 | |
| 210 | @a北京@c外语教学与研究出版社@d2010.07 | |
| 215 | @a250页@d20cm | |
| 517 | @a学生用书@Axue sheng yong shu | |
| 606 | 0 | @a俄语 |
| 690 | @aH35-43@v4 | |
| 701 | 0 | @a刘素梅@Aliu su mei@4主编 |
| 801 | 0 | @aCN@bPFT@c20201103 |
| 905 | @a10447@dH35-43@eL674:1=2 | |
| 大学俄语= Русский язык /.1.学生用书/刘素梅主编.-2版.-北京:外语教学与研究出版社,2010.07 |
| 250页;20cm |
| ISBN 978-7-5600-8024-6:RMB 39.90 |
| ● |
| 相关链接 |
|
|
|
正题名:大学俄语= Русский язык /
索取号:H35-43/L674:1=2
 
预约/预借
| 序号 | 登录号 | 条形码 | 馆藏地/架位号 | 状态 | 备注 |
| 1 | 1501493 | 215014936 | 语言库209/209语言库 121排2列5层/ [索取号:H35-43/L674:1=2] | 在馆 |